000 01060nam0a22002651 4500
001 v19\rc\1245530
005 20250617233705.0
035 _a(NLR Aleph) 004402754
090 _a3900388
_c3900388
100 _a20060306d1887 |||y0rusy50 ca
101 0 _arus
102 _aRU
105 _ay z |||||
200 1 _aСборник специальных тарифов
_eСост. на 1-е янв. 1887 г.
_fО-во Курско-Харьково-Азовской ж. д.
210 _aХарьков
_d1887
215 _a[4], II, 229 с.
311 _aДополнение № 1-й..., 1887
311 _a[Дополнение] №№ 2-76, [1887]
421 0 _11010#$arus
_12001#$aДополнение № 1-й...
_1210##$d1887
_1215##$a29 с.
_tДополнение № 1-й...
421 0 _11010#$arus
_12001#$a[Дополнение] №№ 2-76
_1210##$d[1887]
_1215##$a191 с. разд. паг.
_t[Дополнение] №№ 2-76
801 0 _aRU
_bNLR
_gpsbo
801 1 _aRU
_bProSoft-M
_2rusmarc
852 _aNLR
_j18.262.1.13
942 _cBOOK
980 _aNB